000 00393nam a2200145Ia 4500
008 230711s9999||||xx |||||||||||||| ||und||
041 _aENG
082 _a621.319
_bNA-E
100 _aNasar,Syad A
245 0 _a3000 solved problems in electric circuits
250 _a1st Ed.
260 _c2004
_aNew DElhi
_bTata McGraw Hill Education Limited
650 _aElectrical Engineering
942 _cBK
999 _c4451
_d4451